000 00670nam a2200217Ia 4500
003 GCL
005 20240530103837.0
008 140319s9999 xx 000 0 ara d
040 _aGCL /
_cGCL
082 0 4 _a953.04
_bح ص
100 1 _aحسين يوسف دويدار
245 1 0 _aالصراع بين العرب والفرس واثره فى العصر العباسى الاول /
_cحسين يوسف دويدار
250 _aط1
260 _c1987
300 _a254 ص؛
_c24 سم
490 _aكتاب
_v0
650 0 4 _aالعالم العربى
650 0 4 _aالتاريخ الاسلامى
650 0 4 _aالدولة العباسية
942 _2ddc
_cBK
999 _c42918
_d42918